[Event "Winter Open"]
[Site "Belgrade SRB"]
[Date "2008.01.23"]
[Round "2"]
[White "Brujic,B"]
[Black "Rajkovic,Du"]
[Result "0-1"]
[WhiteElo "2242"]
[BlackElo "2494"]

1.e4 c5 2.Nf3 e6 3.d4 cxd4 4.Nxd4 Nc6 5.Nb5 d6 6.c4 Nf6 7.N5c3 b6 8.Be3 Bb7
9.Be2 Be7 10.O-O O-O 11.f4 Nb8 12.Nd2 Nbd7 13.a3 a6 14.Bf3 Rc8 15.Qe2 Qc7
16.Rfc1 Qb8 17.b4 Bd8 18.Bf2 Bc7 19.Bg3 h6 20.Nb3 Rfe8 21.Rd1 b5 22.Nd2 bxc4
23.Rac1 d5 24.e5 Bb6+ 25.Kh1 Nh7 26.Na4 Bc6 27.Nxb6 Nxb6 28.Nb1 Nf8 29.Qe3 Ng6
30.Bf2 Na4 31.Qd2 a5 32.bxa5 Nb2 33.a6 Nd3 34.Bd4 Ngxf4 35.Nc3 Nxc1 36.Rxc1 Nd3
37.Rb1 Qc7 38.Qe3 Rb8 39.Rf1 Rec8 40.Bh5 Be8 41.a4 Qe7 42.Nb5 Qh4 43.a7 Rxb5
44.Bxf7+ Bxf7 45.axb5 Be8 46.b6 Bc6 47.Bc3 Qe4 48.Qf3 Qxf3 49.gxf3 Bb7 50.Kg2 d4
51.Bxd4 c3 52.Be3 c2 53.Bc1  0-1

[Event "6th ch-PriFO Men"]
[Site "Kazan RUS"]
[Date "2008.01.25"]
[Round "3"]
[White "Yaksin,O"]
[Black "Geller,J"]
[Result "1/2-1/2"]
[WhiteElo "2322"]
[BlackElo "2511"]

1.e4 c5 2.Nf3 e6 3.d4 cxd4 4.Nxd4 Nc6 5.Nb5 d6 6.c4 Nf6 7.N1c3 a6 8.Na3 Be7
9.Be2 O-O 10.O-O b6 11.Be3 Bb7 12.f3 Re8 13.Qb3 Nd7 14.Rfd1 Nc5 15.Qc2 Bf6
16.Qd2 Be5 17.Nc2 Qh4 18.g3 Qf6 19.Nd4 Nxd4 20.Bxd4 Rad8 21.b4 Nd7 22.f4 Bxd4+
23.Qxd4 e5 24.Qxd6 exf4 25.Qxf6 Nxf6 26.Rxd8 Rxd8 27.gxf4 Nxe4 28.Nxe4 Bxe4
29.Kf2 Kf8 30.Rd1 Rxd1 31.Bxd1 Ke7 32.Ke3 Bb1 33.a4 a5 34.bxa5 bxa5 35.Kd4 Kd6
36.c5+ Kc7 37.Kc4 f6 38.h4 h6 39.Kb5 g5 40.hxg5 hxg5 41.fxg5 fxg5 42.Bg4 Be4
43.Kxa5 Bc6 44.Kb4 Bd7 45.Be2  1/2-1/2

[Event "6th ch-PriFO Men"]
[Site "Kazan RUS"]
[Date "2008.01.30"]
[Round "8"]
[White "Shaposhnikov,E"]
[Black "Kalegin,E"]
[Result "1-0"]
[WhiteElo "2537"]
[BlackElo "2480"]

1.e4 c5 2.Nf3 e6 3.d4 cxd4 4.Nxd4 Nc6 5.Nb5 d6 6.Bf4 e5 7.Be3 Nf6 8.Bg5 Be6
9.Nd2 a6 10.Bxf6 gxf6 11.Nc3 d5 12.exd5 Bxd5 13.Bc4 Bxc4 14.Nxc4 Qxd1+ 15.Rxd1 Bb4
16.O-O Bxc3 17.bxc3 O-O 18.Nb6 Ra7 19.Nd7 Rc8 20.Nxf6+ Kg7 21.Rd6 b5 22.Re1 Re7
23.Red1 a5 24.R1d3 Re6 25.Rxe6 fxe6 26.Ne4 b4 27.h4 Rc7 28.Ng5 Kf6 29.Rf3+ Kg6
30.Nxe6 Re7 31.Nc5 e4 32.Re3 Kf5 33.cxb4 Nxb4 34.Ra3 Re5 35.Nb3 Nxc2 36.Rxa5 Rxa5
37.Nxa5 Kg4 38.Nc4 Kxh4 39.Nd6  1-0

[Event "43rd ch-CYP"]
[Site "Limassol CYP"]
[Date "2008.02.10"]
[Round "8"]
[White "Antoniou,A"]
[Black "Savva,P"]
[Result "1/2-1/2"]
[WhiteElo "2183"]
[BlackElo "2086"]

1.e4 c5 2.Nf3 e6 3.d4 cxd4 4.Nxd4 Nc6 5.Nb5 d6 6.c4 a6 7.N5c3 Nf6 8.Be2 Be7
9.O-O O-O 10.Be3 b6 11.Na3 Bb7 12.f3 Nd7 13.Rc1 Nc5 14.Nc2 Bf6 15.Qd2 Qc7
16.Rfd1 Be7 17.b4 Nd7 18.a3 Rfd8 19.Na4 Nce5 20.Nd4 Rac8 21.Bf1 Nc5 22.Qc2 Nxa4
23.Qxa4 Qd7 24.Qb3 Bc6 25.Nxc6 Qxc6 26.Qb2 Bf6 27.Qf2 Rb8 28.h3 Ng6 29.g3  1/2-1/2

[Event "Velammal 45th National A ch-IND"]
[Site "Chennai IND"]
[Date "2008.02.13"]
[Round "11"]
[White "Konguvel,P"]
[Black "Neelotpal,D"]
[Result "0-1"]
[WhiteElo "2394"]
[BlackElo "2486"]

1.e4 c5 2.Nf3 e6 3.d4 cxd4 4.Nxd4 Nc6 5.Nb5 d6 6.Bf4 e5 7.Be3 Nf6 8.Bg5 a6
9.Bxf6 gxf6 10.N5c3 Be6 11.Nd2 f5 12.Qh5 Qf6 13.Bc4 Qg6 14.Qh3 Bh6 15.Nd5 fxe4
16.Nc7+ Kd7 17.Nxe6 Bxd2+ 18.Kxd2 fxe6 19.Rad1 Rac8 20.c3 Rhf8 21.Ke1 Rf6
22.Rd2 Kc7 23.Kd1 e3 24.Qxe3 Qb1+ 25.Ke2 Qxh1 26.Rd1 Rxf2+  0-1

[Event "XI Open"]
[Site "Malaga ESP"]
[Date "2008.02.25"]
[Round "4"]
[White "Corrales Ibanez,P"]
[Black "Jovanic,O"]
[Result "0-1"]
[WhiteElo "2057"]
[BlackElo "2491"]

1.e4 c5 2.Nf3 e6 3.d4 cxd4 4.Nxd4 Nc6 5.Nb5 d6 6.Bf4 e5 7.Be3 a6 8.N5c3 Nf6
9.Nd5 Nxd5 10.exd5 Ne7 11.c4 Nf5 12.Qb3 Nxe3 13.Qxe3 Be7 14.Bd3 f5 15.O-O O-O
16.f3 Bg5 17.Qe2 Qf6 18.Nc3 Qh6 19.Rae1 Bd2 20.Rd1 Bf4 21.g3 Be3+ 22.Kg2 Bd7
23.Rde1 Bd4 24.Qc2 Rae8 25.Ne2 Bc5 26.b4 Bxb4 27.Rb1 Bc5 28.Rxb7 Bc8 29.Rb3 e4  0-1

[Event "ch-ROU"]
[Site "Cluj ROU"]
[Date "2008.02.26"]
[Round "2"]
[White "Nanu,C"]
[Black "Breahna,R"]
[Result "1/2-1/2"]
[WhiteElo "2527"]
[BlackElo "2294"]

1.e4 c5 2.Nf3 e6 3.d4 cxd4 4.Nxd4 Nc6 5.Nb5 d6 6.c4 Nf6 7.Bd3 a6 8.N5c3 Ne5
9.Be2 Qc7 10.f4 Ned7 11.Be3 b6 12.Nd2 Bb7 13.O-O Be7 14.Bf3 O-O 15.Qe2 Rfe8
16.Rac1 Rac8 17.Rfd1 Qb8 18.Bf2 Red8 19.a3 Ba8 20.Bh4 Qc7 21.Bf2 Bf8 22.Kh1 g6
23.Bh4 Bg7 24.Re1 Re8 25.Qf1 h5 26.Rcd1 Nc5 27.h3 Nh7 28.Bf2 Bc6 29.Rc1 Ba8
30.b4 Nd7 31.Na4 Qb8 32.b5 axb5 33.cxb5 Qa7  1/2-1/2

[Event "XI Open"]
[Site "Malaga ESP"]
[Date "2008.02.26"]
[Round "5"]
[White "Fenollar Jorda,M"]
[Black "Ivanov,Jo"]
[Result "0-1"]
[WhiteElo "2253"]
[BlackElo "2371"]

1.e4 c5 2.Nf3 e6 3.d4 cxd4 4.Nxd4 Nc6 5.Nb5 d6 6.c4 Nf6 7.N1c3 a6 8.Na3 b6
9.Be2 Bb7 10.Be3 Be7 11.O-O O-O 12.Qb3 Nd7 13.Rfd1 Nc5 14.Qc2 Bf6 15.f3 Qe7
16.Rac1 Rfd8 17.Nab1 Nb4 18.Qd2 d5 19.cxd5 exd5 20.Nxd5 Nxd5 21.exd5 Bxd5
22.Bxc5 bxc5 23.Nc3 Bxf3 24.Qc2 Bb7 25.Rxd8+ Rxd8 26.Rd1 Bd4+ 27.Kh1 Qh4
28.Bc4 Rd7 29.Qf5 Re7 30.Rf1 g6 31.Qd3 Re3 32.Qd2 Be5  0-1

[Event "Bobby Fischer mem"]
[Site "Villa Martelli ARG"]
[Date "2008.03.11"]
[Round "1"]
[White "Claverie,R"]
[Black "Flores Rios,M"]
[Result "0-1"]
[WhiteElo "2394"]
[BlackElo "2391"]

1.e4 c5 2.Nf3 e6 3.d4 cxd4 4.Nxd4 Nc6 5.Nb5 d6 6.c4 Nf6 7.N1c3 a6 8.Na3 b6
9.Be3 Bb7 10.Be2 Be7 11.O-O Ne5 12.f4 Ned7 13.Bf3 O-O 14.Qe2 Qc7 15.Rac1 Rac8
16.Rfd1 Qb8 17.Bf2 Rfd8 18.g4 h6 19.h4 g5 20.Bg3 Nh7 21.Qh2 gxf4 22.Bxf4 Ne5
23.Be2 Ng6 24.Bg3 Qc7 25.Nc2 Nf6 26.Rd4 Ne5 27.Ne3 Qc5 28.Rcd1 Nc6 29.R4d2 Ne5
30.Bf2 Qc7 31.Rd4 Nh7 32.Bg3 Bf6 33.R4d2 Bg7 34.Bf4 Qc5 35.Qg3 Rd7 36.Kf1 Rcd8
37.g5 hxg5 38.hxg5 Nf8 39.Bh5 Nxc4 40.Nxc4 Qxc4+ 41.Be2 Qc6 42.Rxd6 Rxd6
43.Rxd6 Rxd6 44.Bxd6 Ng6 45.Qd3 Ne5 46.Bxe5 Bxe5 47.Qd8+ Kg7 48.Qe7 Qc7 49.Qb4 Kg6
50.Qb3 Bg3 51.Kg2 Bh4 52.Na4 Bxe4+ 53.Kg1 Qc1+ 54.Bf1 Qxg5+ 55.Kh2 Qf4+ 56.Kh3 Bf5+
57.Kg2 Qg4+  0-1

[Event "TCh-HUN 2007-8"]
[Site "Budapest HUN"]
[Date "2008.03.16"]
[Round "8"]
[White "Medvegy,N"]
[Black "Farago,I"]
[Result "1/2-1/2"]
[WhiteElo "2369"]
[BlackElo "2504"]

1.e4 c5 2.Nf3 e6 3.d4 cxd4 4.Nxd4 Nc6 5.Nb5 d6 6.c4 Nf6 7.N1c3 a6 8.Na3 Be7
9.Be2 b6 10.Be3 O-O 11.O-O Ne5 12.Rc1 Bb7 13.Qd4 Ned7 14.f3 d5 15.cxd5 exd5
16.Nxd5 Bxd5 17.exd5 Bc5 18.Qd2 Bxe3+ 19.Qxe3 Nxd5 20.Qd4 N7f6 21.Bc4 b5
22.Bb3 Ne7 23.Qf2 Rc8 24.Rxc8  1/2-1/2

[Event "12th Neckar Open A"]
[Site "Deizisau GER"]
[Date "2008.03.22"]
[Round "5"]
[White "Korneev,O"]
[Black "Zwahr,P"]
[Result "1-0"]
[WhiteElo "2645"]
[BlackElo "2288"]

1.e4 c5 2.Nf3 e6 3.d4 cxd4 4.Nxd4 Nc6 5.Nb5 d6 6.Bf4 e5 7.Be3 a6 8.N5c3 Nf6
9.Bg5 Be6 10.Nd2 Rc8 11.Nc4 Nd4 12.Ne3 Be7 13.Bd3 O-O 14.O-O h6 15.Bxf6 Bxf6
16.Ncd5 Bg5 17.c3 Nc6 18.Bc2 Bxe3 19.Nxe3 Ne7 20.Bb3 Qd7 21.Qd3 f5 22.exf5 Bxb3
23.axb3 Nxf5 24.Qd5+ Kh8 25.Nxf5 Rxf5 26.Rad1 Rd8 27.Rd2 Qe7 28.Rfd1 Rf6
29.Re1 Rc8 30.b4 Qc7 31.g3 Qb6 32.Kg2 Rcf8 33.Re3 Kh7 34.Qe4+ Kh8 35.Qd5 Kh7
36.Qe4+ Kh8 37.f3 R8f7 38.Rd5 Rc7 39.Red3 Rcf7 40.Qe3 Qc6 41.Qe4 Qb6 42.b5 Kg8
43.Qb4 a5 44.Qe4 Qc7 45.c4 Re7 46.c5 dxc5 47.Rd8+ Rf8 48.Qd5+ Rf7 49.Rd7 Qc8
50.b6 Kh8  1-0

[Event "Mediana"]
[Site "Nis SRB"]
[Date "2008.04.14"]
[Round "3"]
[White "Genov,Peta"]
[Black "Trajkovic,P"]
[Result "1/2-1/2"]
[WhiteElo "2474"]
[BlackElo "2458"]

1.e4 c5 2.Nf3 e6 3.d4 cxd4 4.Nxd4 Nc6 5.Nb5 d6 6.c4 Nf6 7.N1c3 a6 8.Na3 d5
9.exd5 exd5 10.cxd5 Nb4 11.Be2 Nfxd5 12.Nxd5 Qxd5 13.Qxd5 Nxd5 14.O-O Bc5
15.Bf3 Be6 16.Rd1 Rd8 17.Nc4 b6 18.b3 O-O 19.Bb2  1/2-1/2

[Event "II Open"]
[Site "La Laguna ESP"]
[Date "2008.04.22"]
[Round "2"]
[White "Villavicencio,A"]
[Black "Marrero Falcon,H"]
[Result "1-0"]
[WhiteElo "2373"]
[BlackElo "2017"]

1.e4 c5 2.Nf3 e6 3.d4 cxd4 4.Nxd4 Nc6 5.Nb5 d6 6.c4 Be7 7.Bf4 e5 8.Be3 Nf6
9.f3 O-O 10.N1c3 Ne8 11.Qd2 a6 12.Na3 Nc7 13.Rd1 Be6 14.Bb6 Rc8 15.Nc2 Qd7
16.Be2 Bh4+ 17.g3 Be7 18.O-O Nb8 19.Ne3 Qc6 20.Ba7 b6 21.Ncd5 Bxd5 22.cxd5 Qb7
23.Bxb8 Qxb8 24.Nf5 Rfe8 25.Rc1 Bf8 26.Rc6 Nb5 27.Bxb5 axb5 28.Rfc1 g6 29.Nh6+ Bxh6
30.Qxh6 Rxc6 31.dxc6 Qa7 32.c7 Rc8 33.Qg5 Kg7 34.Qd8 Qa4 35.Qxd6 Qxa2 36.Qxe5+ Kg8
37.Rd1 Qa8 38.Qf6 Rf8 39.Rd8 Qa1+ 40.Kg2 Qc1 41.Rxf8+  1-0

[Event "TCh-HUN 2007-8"]
[Site "Budapest HUN"]
[Date "2008.04.27"]
[Round "10"]
[White "Hitter,G"]
[Black "Medvegy,N"]
[Result "1/2-1/2"]
[WhiteElo "2113"]
[BlackElo "2369"]

1.e4 c5 2.Nf3 e6 3.d4 cxd4 4.Nxd4 Nc6 5.Nb5 d6 6.Bf4 e5 7.Bg5 Qxg5 8.Nc7+ Kd7
9.Nxa8 b6 10.Nc3 Bb7 11.Nxb6+ axb6 12.Nd5 Nf6  1/2-1/2

[Event "TCh-HUN 2007-8"]
[Site "Budapest HUN"]
[Date "2008.04.27"]
[Round "10"]
[White "Madl,I"]
[Black "Vince,V"]
[Result "1-0"]
[WhiteElo "2381"]
[BlackElo "1836"]

1.e4 c5 2.Nf3 e6 3.d4 cxd4 4.Nxd4 Nc6 5.Nb5 d6 6.c4 a6 7.N5c3 Nf6 8.Be2 Be7
9.O-O O-O 10.Be3 Qc7 11.Na3 b6 12.Rc1 Qb8 13.Qd2 Ne5 14.f3 Bb7 15.Rfd1 Bc6
16.Qd4 Ned7 17.Nc2 Re8 18.Qd2 Bf8 19.Kh1 Bb7 20.Bf1 Qd8 21.Qf2 Rc8 22.Rd2 Qc7
23.Rcd1 Kh8 24.Bd4 Kg8 25.Na4 Nc5 26.Nxc5 bxc5 27.Bxf6 gxf6 28.Qh4 Be7 29.Qh5 Bf8
30.Ne3 Rcd8 31.Bd3 Kh8 32.Ng4 Bg7 33.Nxf6 h6 34.Nxe8 Rxe8 35.Bb1 Rd8 36.b3 Qe7
37.e5 d5 38.cxd5 Bxd5 39.Be4 Qb7 40.Qh4 Rd7 41.Qf4 Qb4 42.Qe3 Qb7 43.Qxc5 Qb8
44.Bxd5 exd5 45.Rxd5  1-0

[Event "FSGM May"]
[Site "Budapest HUN"]
[Date "2008.05.04"]
[Round "2"]
[White "Boros,De"]
[Black "Bui Vinh"]
[Result "1-0"]
[WhiteElo "2457"]
[BlackElo "2448"]

1.e4 c5 2.Nf3 e6 3.d4 cxd4 4.Nxd4 Nc6 5.Nb5 d6 6.c4 Nf6 7.N5c3 b6 8.Be2 Bb7
9.Bf4 a6 10.O-O Be7 11.Na3 O-O 12.Rc1 Rc8 13.Qd2 Ne5 14.f3 Qc7 15.Rfd1 Rfe8
16.Kh1 Qb8 17.Bf1 h6 18.Qf2 Bd8 19.Be3 Nfd7 20.Rc2 Bc7 21.Rcd2 Kh8 22.Be2 Ng6
23.f4 Nc5 24.f5 Ne5 25.f6 Nxe4 26.Nxe4 Bxe4 27.Qh4 d5 28.fxg7+ Kg8 29.Qxh6 Ng6
30.cxd5 exd5 31.Bxa6 Rcd8 32.Bd3 Bxd3 33.Rxd3 Re4 34.Bg5 Rde8 35.Nc2 Be5
36.Rh3 Bxg7 37.Qh7+ Kf8 38.Rf1 Qd6 39.Bh6 Qf6 40.Rhf3  1-0

[Event "Mayors Cup Open"]
[Site "Mumbai IND"]
[Date "2008.05.12"]
[Round "2"]
[White "Shrestha,R"]
[Black "Macieja,B"]
[Result "0-1"]
[WhiteElo "2138"]
[BlackElo "2599"]

1.e4 c5 2.Nf3 Nc6 3.d4 cxd4 4.Nxd4 e6 5.Nb5 d6 6.Bf4 e5 7.Be3 a6 8.N5c3 Nf6
9.Bg5 Be7 10.Bxf6 Bxf6 11.Nd5 Bg5 12.h4 Bxh4 13.Rxh4 Qxh4 14.Nc7+ Ke7 15.Nxa8 Bg4
16.Qd2 Rxa8 17.Nc3 Be6 18.g3 Qh5 19.Be2 Qh1+ 20.Bf1 Qf3 21.Be2 Nd4 22.O-O-O Qxf2
23.Qg5+ Qf6 24.Qe3 Qh6 25.Qxh6 gxh6 26.Rh1 Rg8 27.Rxh6 Rxg3 28.Bd3 Nf3 29.Rxh7 Rg1+
30.Nd1 Bg4 31.Be2 Re1 32.Rg7 Bh5 33.Rh7 Bg6 34.Bxf3 Bxh7 35.Kd2 Bxe4 36.Kxe1 Bxf3
37.Ne3 Be4 38.c3 f5 39.Kf2 f4 40.Nc4 Bd5 41.Nd2 e4  0-1

[Event "FSIM May"]
[Site "Budapest HUN"]
[Date "2008.05.13"]
[Round "11"]
[White "Lengyel,B"]
[Black "Zalkind,K"]
[Result "1/2-1/2"]
[WhiteElo "2267"]
[BlackElo "2164"]

1.e4 c5 2.Nf3 e6 3.d4 cxd4 4.Nxd4 Nc6 5.Nb5 d6 6.c4 a6 7.N5c3 Nf6 8.Be2 Be7
9.O-O O-O 10.Be3 b6 11.Qb3 Rb8 12.Rd1 Bd7 13.Na3 Qc7 14.Rac1 Qb7 15.Qc2 Ne5
16.f3 Bc6 17.Qd2 Rfd8 18.Bd4 Be8 19.Kh1 Nc6 20.Be3 Nb4 21.Qe1 Nd7 22.Rd2 Nc5
23.Qd1 Rbc8 24.Nab1 Nc6 25.Qf1 Na7 26.Qf2 Rb8 27.b4 Nd7 28.a3 Nc6 29.f4 Nf6
30.Bf3 b5 31.cxb5 axb5  1/2-1/2

[Event "43rd Capablanca Memorial Open"]
[Site "Havana CUB"]
[Date "2008.05.13"]
[Round "6"]
[White "Macias Murillo,B"]
[Black "Lebredo Zaragoitia,G"]
[Result "1/2-1/2"]
[WhiteElo "2218"]
[BlackElo "2246"]

1.e4 c5 2.Nf3 e6 3.d4 cxd4 4.Nxd4 Nc6 5.Nb5 d6 6.c4 Nf6 7.N1c3 a6 8.Na3 Be7
9.Be3 O-O 10.Be2 b6 11.O-O Rb8 12.Rc1 Bb7 13.f4 Re8 14.Bf3 Bf8 15.Qd2 Ba8
16.Qf2 Qc7 17.g4 Nb4 18.Rfd1 Nd7 19.Nab1 Nc5 20.Qe2 f5 21.gxf5 exf5 22.exf5 Qe7
23.Bxa8 Rxa8 24.Bxc5 Qxe2 25.Nxe2 dxc5 26.Nec3 Rad8 27.Rxd8 Rxd8 28.a3 Nc6
29.Nd5 b5 30.Nc7 Nd4 31.Kf2 bxc4 32.Rxc4 a5 33.Ne6 Rb8 34.Nxd4 cxd4 35.Rc2 Bd6
36.Kf3 Kf7 37.Ke4  1/2-1/2

[Event "Mayors Cup Open"]
[Site "Mumbai IND"]
[Date "2008.05.19"]
[Round "11"]
[White "Das,Sa"]
[Black "Sinha,Sud"]
[Result "1/2-1/2"]
[WhiteElo "2055"]
[BlackElo "2211"]

1.e4 c5 2.Nf3 Nc6 3.d4 cxd4 4.Nxd4 e6 5.Nb5 d6 6.c4 a6 7.N5a3 Nf6 8.Nc3 Be7
9.Be2 O-O 10.Be3 Bd7 11.O-O Qa5 12.Rc1 Nb4 13.f3 Bc6 14.Nc2 Nxc2 15.Qxc2 b5
16.a3 bxc4 17.Bxc4 d5 18.exd5 exd5 19.Bd3 Rfe8 20.b4 Qd8 21.Bd4 h6 22.Qb2 Nh5
23.f4 Bf6 24.Qf2 Qd7 25.Be2 Bxd4 26.Qxd4 Nf6 27.Bf3 Rac8 28.Rcd1 Bb7 29.Rd2 Qf5
30.Qd3 Qxf4 31.Bxd5 Qe5 32.Bxb7 Rxc3 33.Qd4 Qxd4+ 34.Rxd4 Rxa3 35.Rd6 Rb8
36.Rxa6 Rxa6 37.Bxa6 Rxb4  1/2-1/2

[Event "XXVII Open"]
[Site "Zalakarosi HUN"]
[Date "2008.05.25"]
[Round "4"]
[White "Takacs,B"]
[Black "Pataki,G"]
[Result "1/2-1/2"]
[WhiteElo "2269"]
[BlackElo "2386"]

1.e4 c5 2.Nf3 e6 3.d4 cxd4 4.Nxd4 Nc6 5.Nb5 d6 6.Bf4 e5 7.Be3 a6 8.N5c3 Nf6
9.Nd2 Be6 10.Bc4 Be7 11.O-O O-O 12.Nd5 Bxd5  1/2-1/2

[Event "115th ch-SCO"]
[Site "Glasgow SCO"]
[Date "2008.06.09"]
[Round "5"]
[White "Donohue,T"]
[Black "Grant,A"]
[Result "1-0"]
[WhiteElo "1855"]
[BlackElo "2212"]

1.e4 c5 2.Nf3 e6 3.d4 cxd4 4.Nxd4 Nc6 5.Nb5 d6 6.c4 Nf6 7.N1c3 a6 8.Na3 b6
9.Be2 Bb7 10.f4 d5 11.cxd5 exd5 12.exd5 Nb4 13.O-O Bc5+ 14.Kh1 O-O 15.Bf3 Re8
16.Nc4 Rc8 17.d6 Bxf3 18.Qxf3 Nc2 19.Rb1 Nd4 20.Qh3 b5 21.Ne5 Qxd6 22.Be3 Qb6
23.b4 Bxb4 24.Rxb4 Qa5 25.Rxd4 Rxc3 26.Bd2 Rxh3 27.Bxa5 Ra3 28.Bb6 Rxa2 29.Rfd1 h5
30.Rd8 Rxd8 31.Rxd8+ Kh7 32.h3 Ne4 33.Nxf7 Ng3+ 34.Kh2 h4 35.Ng5+ Kg6 36.Nf3 Nf5
37.Rd5 Ra4 38.Ne5+ Kh7 39.Nd3 g6 40.Rd7+ Kh6 41.Bc5 g5 42.Rf7 Ng3 43.f5 Nxf5
44.Rxf5 Kg6 45.Rd5 a5 46.Bb6  1-0

[Event "Open"]
[Site "Teplice CZE"]
[Date "2008.06.16"]
[Round "3"]
[White "Novosadova,K"]
[Black "Pertlova,S"]
[Result "1-0"]
[WhiteElo "2034"]
[BlackElo "2159"]

1.e4 c5 2.Nf3 e6 3.d4 cxd4 4.Nxd4 Nc6 5.Nb5 d6 6.c4 a6 7.N5a3 Nf6 8.Nc3 Be7
9.Be2 O-O 10.O-O b6 11.Be3 Bb7 12.f3 Qc7 13.Qb3 Nd7 14.Rfd1 Nc5 15.Qc2 Rad8
16.Rac1 Qb8 17.Qb1 Nb4 18.Nc2 Nxc2 19.Rxc2 Nd7 20.b4 Ba8 21.Rcd2 Qc7 22.Qb3 Rfe8
23.Na4 Bc6 24.Nc3 Bb7 25.Bf4 Ne5 26.Na4 Bc6 27.b5 axb5 28.cxb5 Ba8 29.Qe3 Ng6
30.Bg3 Qa7 31.Nxb6 d5 32.Bf2 dxe4 33.Rxd8 Rxd8 34.Rxd8+ Bxd8 35.Nxa8 Qxa8
36.Qxe4 Qxa2 37.b6 Nf4 38.Qxf4 Qxe2 39.Qd6 Bxb6 40.Qb8+  1-0

[Event "Sparkassen Open"]
[Site "Dortmund GER"]
[Date "2008.07.03"]
[Round "5"]
[White "Ebert,Manu"]
[Black "Langers,A"]
[Result "1/2-1/2"]
[WhiteElo "2111"]
[BlackElo "2203"]

1.e4 c5 2.Nf3 e6 3.d4 cxd4 4.Nxd4 Nc6 5.Nb5 d6 6.Bf4 e5 7.Be3 Nf6 8.Bg5 a6
9.Bxf6 gxf6 10.N5c3 Bg7 11.Bc4 O-O 12.Qh5 Be6 13.Nd2 Rc8 14.O-O b5 15.Be2 Nd4
16.Bd3 Nxc2 17.Bxc2 b4 18.Ndb1 bxc3 19.Nxc3 Qb6 20.Rab1 Bxa2 21.Bd3 Bxb1
22.Rxb1 Qb3 23.Qf3 Rxc3 24.bxc3 Qxc3 25.Bxa6 Qxf3 26.gxf3 f5 27.Bc4 fxe4
28.fxe4 Rc8 29.Bd5 Rc7 30.Rb7 Rxb7  1/2-1/2

[Event "5th Sth Wales Int"]
[Site "Trefforst WLS"]
[Date "2008.07.10"]
[Round "9"]
[White "Rees,I"]
[Black "Bernhardsson,S"]
[Result "1-0"]
[WhiteElo "2287"]
[BlackElo "2097"]

1.e4 c5 2.Nf3 e6 3.d4 cxd4 4.Nxd4 Nc6 5.Nb5 d6 6.Bf4 e5 7.Be3 Nf6 8.Bg5 Be6
9.Nd2 a6 10.Nc3 Be7 11.Bxf6 gxf6 12.Bc4 Rc8 13.Bd5 Qd7 14.Nc4 Qc7 15.Ne3 h5
16.O-O Kd7 17.Bb3 Rcg8 18.Ncd5 Qd8 19.c3 Rg7 20.f3 Qg8 21.Rf2 Rh6 22.Qd2 Rhg6
23.Rd1 Bf8 24.Nf5 Rh7 25.Nde3 h4 26.Nxd6 Bxd6 27.Qxd6+ Kc8 28.Bxe6+ fxe6
29.Nc4  1-0

[Event "FSIM July"]
[Site "Budapest HUN"]
[Date "2008.07.12"]
[Round "8"]
[White "Farago,S"]
[Black "Qu Yanqiao"]
[Result "1/2-1/2"]
[WhiteElo "2271"]
[BlackElo "2007"]

1.e4 c5 2.Nf3 Nc6 3.d4 cxd4 4.Nxd4 e6 5.Nb5 d6 6.c4 Nf6 7.N5c3 Be7 8.Be3 b6
9.Qa4 Bd7 10.h3 Rc8 11.Nd2 Qc7 12.Rc1 Qb7 13.Qd1 Nb8 14.Bd3 Bc6 15.b4 Qa8
16.O-O Nbd7 17.f4 Bb7 18.a3 O-O 19.Qe2 Rfd8 20.Bf2 Ne8 21.Nf3 Bf8 22.Bh4 f6
23.Nd4 Nc7 24.Ncb5 Re8 25.Nxc7 Rxc7 26.Rce1 e5 27.Nb5 Rcc8 28.Qg4 Bc6 29.Nc3 exf4
30.Rxf4 Ne5 31.Qg3 Kh8 32.Rxf6 Nxd3 33.Rxf8+ Rxf8 34.Qxd3 Rfe8 35.Bg3 Re6
36.Bxd6 Rce8 37.Re3 Bxe4 38.Nxe4 Rxe4 39.Rg3 Qb7 40.Qc3 Qf7 41.c5 h5 42.Rg5 h4
43.Be5 Qc4 44.Bxg7+ Kh7 45.Qf6 Qc1+ 46.Kh2 Qf4+ 47.Qxf4 Rxf4 48.Be5 Re4 49.Bd6 Re3
50.cxb6 axb6 51.a4 Rd3  1/2-1/2

[Event "XIII Open"]
[Site "Balaguer ESP"]
[Date "2008.07.14"]
[Round "1"]
[White "Bruned,V"]
[Black "Pogorelov,R"]
[Result "0-1"]
[WhiteElo "1919"]
[BlackElo "2459"]

1.e4 c5 2.Nf3 Nc6 3.d4 cxd4 4.Nxd4 e6 5.Nb5 d6 6.Bf4 e5 7.Be3 a6 8.N5c3 Nf6
9.Bg5 Be7 10.Bxf6 Bxf6 11.Nd2 O-O 12.Bc4 Be6 13.O-O Rc8 14.Bxe6 fxe6 15.Nf3 Nd4
16.Qd3 Qb6 17.Rab1 Nxf3+ 18.gxf3 Be7 19.Ne2 Rf6 20.c3 Rcf8 21.Kg2 Qc6 22.Rbd1 Qe8
23.Rfe1 Qg6+ 24.Ng3 h5 25.h4 Rf4 26.Rh1 Qf7 27.Rdf1 Rxf3 28.Qd2 Rf4 29.Qe2 g6
30.f3 Bxh4 31.Rh3 Bxg3 32.Rxg3 h4 33.Rh3 g5 34.Kh1 Qe7 35.Rg1 Kf7 36.Qd3 Rg8
37.Rg4 Rxg4 38.fxg4 Kg6 39.Kg2 Rf8 40.Rf3 Rxf3 41.Qxf3 Qf6 42.Qd3 Qf4 43.Qxd6 Qxe4+
44.Kf1 Qxg4 45.Qe7 Qf3+ 46.Ke1 e4  0-1

[Event "17th ch-MKD"]
[Site "Struga MKD"]
[Date "2008.07.15"]
[Round "2"]
[White "Petrov,Sa"]
[Black "Stojkovska,M"]
[Result "1-0"]
[WhiteElo "2123"]
[BlackElo "1869"]

1.e4 c5 2.Nf3 e6 3.d4 cxd4 4.Nxd4 Nc6 5.Nb5 d6 6.Bf4 e5 7.Be3 a6 8.N5c3 Nf6
9.Be2 Be7 10.O-O O-O 11.Bf3 Be6 12.Nd5 Bxd5 13.exd5 Nb8 14.c4 Nbd7 15.Nc3 Rc8
16.Be2 Nc5 17.Qc2 Qc7 18.Rac1 b6 19.b4 Ncd7 20.Bd3 Qb7 21.Qe2 Rc7 22.Rc2 Re8
23.Rfc1 Bf8 24.f3 Ra8 25.a3 Rcc8 26.Qf2 Rab8 27.Rd1 Rc7 28.Rdc1 Rbc8 29.Qh4 Ra8
30.Bg5 h6 31.Be3 Qc8 32.g4 g5 33.Qf2 Rb8 34.h4 Nh7 35.hxg5 Nxg5 36.Bxg5 hxg5
37.Qh2 Nf6 38.Ne4 Nxe4 39.Bxe4 f6 40.Bf5 Qe8 41.Be6+ Kg7 42.Qh3 Be7 43.Rh2 Qh8
44.Qg2 Qd8 45.Qc2  1-0

[Event "Inautomarket Open"]
[Site "Minsk BLR"]
[Date "2008.07.17"]
[Round "8"]
[White "Fedorov,Alex"]
[Black "Lutsko,I"]
[Result "1-0"]
[WhiteElo "2560"]
[BlackElo "2399"]

1.e4 c5 2.Nf3 Nc6 3.d4 cxd4 4.Nxd4 e6 5.Nb5 d6 6.c4 Nf6 7.N5c3 Be7 8.Be2 O-O
9.O-O b6 10.Bf4 Bb7 11.Re1 Rc8 12.Nd2 Ne5 13.Rc1 a6 14.a3 Nfd7 15.Bf1 g5
16.Bg3 Kh8 17.b4 g4 18.Na4 Bg5 19.Rc2 Bc6 20.Nb2 Qf6 21.c5 dxc5 22.Bxa6 Rcd8
23.b5 Ba8 24.Ndc4 h5 25.Qe2 Rg8 26.a4 Bf4 27.a5 bxa5 28.Nd3 Nxd3 29.Qxd3 Nb8
30.e5 Rxd3 31.exf6 Bxg3 32.hxg3 Nd7 33.Ne5 Nxe5 34.Rxe5 Rd1+ 35.Kh2 Rd5 36.Rxc5 Rxc5
37.Rxc5 Kh7 38.b6 Rb8 39.Rxa5 Bd5 40.b7 Kg6 41.Rc5 Kxf6 42.Rc7 Kg6 43.Kg1 f5
44.Kf1 Kf6 45.Rc8 Rxb7 46.Bxb7 Bxb7 47.Rh8 Kg6 48.Re8 Kf6 49.Rf8+ Kg5 50.Rf7 Bd5
51.Rc7 Be4 52.Rc3 Bd5 53.Re3 Be4 54.Ke1 Bd5 55.Kd2 Kf6 56.f3 Kg5 57.f4+ Kf6
58.Re2 Be4 59.Ke3 Bd5 60.Kd4 Bb7 61.Kc5 Ke7 62.Ra2 Bd5 63.Ra7+ Kf6 64.Rh7 Kg6
65.Rh8 Bxg2 66.Kd6 Bd5 67.Ke5 Bc4 68.Rg8+ Kh7 69.Rg5 Kh6 70.Kf6 Bd5 71.Rg6+ Kh7
72.Kg5 Bc4 73.Kxh5 Bd5 74.Kg5 Bc4 75.Kf6 Bb3 76.Rg7+  1-0

[Event "31st Taminco Open"]
[Site "Ghent BEL"]
[Date "2008.07.20"]
[Round "3"]
[White "Pienski,O"]
[Black "Michiels,B"]
[Result "0-1"]
[WhiteElo "2132"]
[BlackElo "2442"]

1.e4 c5 2.Nf3 Nc6 3.d4 cxd4 4.Nxd4 e6 5.Nb5 d6 6.c4 Nf6 7.N1c3 a6 8.Na3 b6
9.g3 Bb7 10.Bg2 Qc7 11.O-O Be7 12.b3 Rc8 13.Bb2 Ne5 14.Rc1 h5 15.h3 g5 16.Qe2 h4
17.g4 Nfd7 18.Na4 Bf6 19.Rfd1 Ke7 20.Nc2 Nc5 21.Nc3 Ng6 22.Nd4 Be5 23.Qf1 Nf4
24.f3 Nd7 25.Nce2 Ng6 26.Qe1 Rhd8 27.Qd2 Nf4 28.Rc2 Nf8 29.Nxf4 Bxf4 30.Qf2 Ng6
31.Ne2 Be5 32.Bxe5 dxe5 33.Rcd2 Ke8 34.Rxd8+ Rxd8 35.Qe3 Kf8 36.Kf1 Ne7 37.Rxd8+ Qxd8
38.c5 bxc5 39.Qxc5 a5 40.Nc3 Qd4 41.Qxd4 exd4 42.Nb5  0-1

[Event "Dutch Open"]
[Site "Dieren NED"]
[Date "2008.07.31"]
[Round "9"]
[White "Van Eijk,S"]
[Black "Struik,T"]
[Result "1/2-1/2"]
[WhiteElo "2315"]
[BlackElo "2203"]

1.e4 c5 2.Nf3 e6 3.d4 cxd4 4.Nxd4 Nc6 5.Nb5 Nf6 6.N1c3 Bc5 7.Bf4 O-O 8.Bc7 Qe7
9.Bd6 Bxd6 10.Qxd6 Ne8 11.Qxe7 Nxe7 12.O-O-O f5 13.f3 fxe4 14.Nxe4 d5 15.Ned6 Nxd6
16.Nxd6 Rd8 17.Nc4 Nc6 18.Ne3 b6 19.Bb5 Ne7 20.Ng4 Bd7 21.Bd3 Be8 22.Rhe1 Rd6
23.Ne5 Rc8 24.Rd2 Nc6 25.Nxc6 Rdxc6 26.f4 Bg6 27.Bxg6 hxg6 28.Kd1 Kf7 29.c3 Rh8
30.g3 Rhc8 31.Ke2 a5 32.Kd3 Rc4 33.Rc2 b5 34.Rec1 Kf6 35.b3 R4c5 36.c4 bxc4+
37.bxc4 Kf5 38.h3 Rxc4 39.Rxc4 Rxc4 40.Rxc4 dxc4+ 41.Kxc4 Ke4 42.Kc5 Kf3
43.Kd6 Kxg3 44.Kxe6 Kxh3 45.Kf7 Kg4 46.Kxg7 Kxf4 47.Kxg6 a4 48.Kh5 a3 49.Kh4 Ke5
50.Kg3 Kd4  1/2-1/2

[Event "FSIMA August"]
[Site "Budapest HUN"]
[Date "2008.08.04"]
[Round "3"]
[White "Szalanczy,E"]
[Black "Beck,F"]
[Result "1-0"]
[WhiteElo "2388"]
[BlackElo "2335"]

1.e4 c5 2.Nf3 e6 3.d4 cxd4 4.Nxd4 Nc6 5.Nb5 d6 6.Bf4 e5 7.Be3 Be6 8.N1c3 a6
9.Na3 Nf6 10.Nc4 b5 11.Nb6 Rb8 12.Nbd5 Ng4 13.Be2 Nxe3 14.Nxe3 g6 15.a4 Nd4
16.axb5 axb5 17.Ncd5 Bg7 18.c3 Nxe2 19.Qxe2 O-O 20.O-O Kh8 21.Ra7 Qc8 22.Rfa1 Rb7
23.R7a6 Qd7 24.Nb4 Rfb8 25.Qd3 Bf8 26.Ned5 f5 27.f3 Qf7 28.h3 h5 29.Kh2 f4
30.Kg1 g5 31.Kf2 Qd7 32.Ke2 Qg7 33.Kd2 Qd7 34.Kc2 Qf7 35.Qe2 Rc8 36.Qd3 Rcb8
37.R1a5 Qd7 38.Qe2 Qh7 39.Ra8 Qd7 40.Qf2 Qc8 41.R8a6 Qd7 42.Qf1 Qf7 43.b3 Qd7
44.Kb2 Qf7 45.Qd3 Qd7 46.Ka3 Kg7 47.Kb2 Kh8 48.Qb1 Qf7 49.Qa1 Qd7 50.Ra8 Qc8
51.R5a6 Qc5 52.Qa5 Qf2+ 53.Ka3 Qe1 54.Rxb8 Rxb8 55.Na2 Qf2 56.Ra8 Qc5+ 57.Nab4 Qc8
58.Ra7 Rb7 59.Rxb7 Qxb7 60.Qd8 Qg7 61.Qe8 Bf7 62.Qxb5 g4 63.hxg4 hxg4 64.Qd7 gxf3
65.gxf3 Bh5 66.Qf5 Qh6 67.Qh3 Bg7 68.Nc6 Qg5 69.Nce7 Kh7 70.b4  1-0